| 000 | 00347nam a2200145Ia 4500 | ||
|---|---|---|---|
| 008 | 160902s9999 xx 000 0 und d | ||
| 040 | _cPK-GjGUL | ||
| 082 |
_a519.5 _bAFZ-S |
||
| 100 | _a"Baig, M. Afzal" | ||
| 245 | 0 |
_aStatistics _btheory & methods |
|
| 260 |
_aPakistan _bCarvan Book House _c2002 |
||
| 300 | _a423 | ||
| 546 | _aeng | ||
| 942 | _cBK | ||
| 999 |
_c2870 _d2870 |
||